[Event "XIII American Continental"]
[Site "Montevideo URU"]
[Date "2018.06.03"]
[Round "4"]
[White "Carbone, Diego"]
[Black "Chaves, Jorge Antonio Torres"]
[Result "1-0"]
[WhiteElo "2242"]
[BlackElo "1936"]
[EventDate "2018.06.01"]
[PlyCount "83"]

1.d4 Nf6 2.Nf3 e6 3.g3 d5 4.Bg2 Nbd7 5.O-O Bd6 6.c4 c6 7.Nc3 O-O 8.Nd2 Re8
9.e4 dxe4 10.Ndxe4 Nxe4 11.Nxe4 Be7 12.c5 f5 13.Nc3 Bf6 14.Re1 Nf8 15.Be3 
Bd7 16.Bf4 g5 17.Be5 Ng6 18.Qd2 Rf8 19.Rad1 Be8 20.Qe2 Bf7 21.Qc4 Kg7 22.
Nb1 h5 23.Qc1 g4 24.Na3 Rh8 25.Nc4 h4 26.Nd6 hxg3 27.hxg3 Rh5 28.f4 Qh8 
29.Bxf6+ Kxf6 30.Qc3 Ke7 31.Qb3 Rb8 32.Nxf7 Kxf7 33.Qxe6+ Kg7 34.d5 Rf8 
35.dxc6 bxc6 36.Rd6 Qh6 37.Rd7+ Kh8 38.Qxc6 Rh2 39.Re6 Qh5 40.Rxg6 Rxg2+ 
41.Kxg2 Qh3+ 42.Kf2 1-0

[Event "XIII American Continental"]
[Site "Montevideo URU"]
[Date "2018.06.03"]
[Round "4"]
[White "Coppola, Claudio"]
[Black "Ramos, Angelo Bil"]
[Result "1-0"]
[WhiteElo "2228"]
[BlackElo "1926"]
[EventDate "2018.06.01"]
[PlyCount "73"]

1.d4 Nf6 2.c4 g6 3.Nc3 d5 4.Nf3 Bg7 5.Bf4 O-O 6.Rc1 dxc4 7.e4 Bg4 8.Bxc4 
Nh5 9.Be3 Bxf3 10.gxf3 e5 11.dxe5 Bxe5 12.Qxd8 Rxd8 13.O-O Nf4 14.Ne2 
Nxe2+ 15.Bxe2 Nc6 16.f4 Bg7 17.Kg2 a6 18.b4 Nd4 19.Bc4 c6 20.Rfd1 Kf8 21.
a4 Ke8 22.e5 Ne6 23.Kf3 Rxd1 24.Rxd1 Rd8 25.Rc1 Bf8 26.Bb6 Rd2 27.b5 Rb2 
28.Bxe6 fxe6 29.bxc6 bxc6 30.Rxc6 Be7 31.Be3 a5 32.Rxe6 Kf7 33.Ra6 Bb4 34.
e6+ Ke7 35.f5 Rb3 36.Ke4 gxf5+ 37.Kxf5 1-0

[Event "XIII American Continental"]
[Site "Montevideo URU"]
[Date "2018.06.03"]
[Round "4"]
[White "Fernandez, Maria Florencia"]
[Black "Pena Canapa, Alfredo"]
[Result "1-0"]
[WhiteElo "2203"]
[BlackElo "1925"]
[EventDate "2018.06.01"]
[PlyCount "67"]

1.d4 Nf6 2.c4 c5 3.d5 b5 4.cxb5 a6 5.bxa6 g6 6.Nc3 Bg7 7.Nf3 O-O 8.e4 Qa5 
9.Bd2 Bxa6 10.Be2 d6 11.O-O Bxe2 12.Qxe2 Qa6 13.Qd1 Nbd7 14.Qc2 Ng4 15.a4 
Nge5 16.Nxe5 Nxe5 17.Nb5 Rfc8 18.Bc3 Qb6 19.Kh1 Qb7 20.f4 Nc4 21.Bxg7 Ne3 
22.Qe2 Nxf1 23.Bc3 Ne3 24.Qxe3 f6 25.h4 Kf7 26.e5 dxe5 27.fxe5 Qd7 28.exf6
exf6 29.Rf1 Rf8 30.Qxc5 Rxa4 31.Nd4 Rc8 32.Qb6 Qxd5 33.Qxf6+ Kg8 34.Ne6 
1-0

[Event "XIII American Continental"]
[Site "Montevideo URU"]
[Date "2018.06.03"]
[Round "4"]
[White "Januario, Severino Pereira"]
[Black "Barandiaran, Gabriel"]
[Result "1-0"]
[WhiteElo "2175"]
[BlackElo "1882"]
[EventDate "2018.06.01"]
[PlyCount "61"]

1.Nf3 Nf6 2.g3 g6 3.Bg2 Bg7 4.O-O d5 5.c4 c6 6.Qa4 O-O 7.cxd5 cxd5 8.d3 
Nc6 9.Nc3 d4 10.Nb1 e5 11.Bg5 h6 12.Bxf6 Qxf6 13.Nbd2 Qe7 14.Nc4 Be6 15.
Qa3 Bxc4 16.Qxe7 Nxe7 17.dxc4 Rac8 18.Nd2 f5 19.Rad1 b6 20.b3 Nc6 21.g4 
Bf6 22.gxf5 gxf5 23.Bd5+ Kh8 24.Be6 d3 25.e3 Rcd8 26.Bxf5 Bg5 27.Be4 Nb4 
28.a3 Nc2 29.Nb1 Bxe3 30.Rxd3 Nd4 31.Rxe3 1-0

[Event "XIII American Continental"]
[Site "Montevideo URU"]
[Date "2018.06.03"]
[Round "4"]
[White "Carvalho, Herbert Abreu"]
[Black "Marques, Ubiratan De Azevedo"]
[Result "1-0"]
[WhiteElo "2149"]
[BlackElo "1777"]
[EventDate "2018.06.01"]
[PlyCount "73"]

1.d4 Nf6 2.Nf3 d5 3.c4 c6 4.Nc3 e6 5.Qd3 dxc4 6.Qxc4 Nd5 7.e4 b5 8.Qb3 
Nxc3 9.bxc3 a5 10.a4 b4 11.Bd2 Na6 12.c4 Be7 13.Be3 Bb7 14.Bd3 Qc7 15.O-O 
h6 16.c5 Rd8 17.Rac1 O-O 18.Bb1 Bc8 19.e5 f5 20.exf6 Bxf6 21.Qd3 Kf7 22.
Qe4 Ke8 23.Bf4 Qa7 24.Bd6 Rg8 25.Qg4 Qb7 26.Bg6+ Kd7 27.Rfe1 Rde8 28.d5 
Nc7 29.Be4 Kd8 30.dxc6 Qa7 31.Rcd1 Re7 32.Bxe7+ Kxe7 33.Nh4 Rd8 34.Ng6+ 
Ke8 35.Qh5 Na6 36.Ne5+ Kf8 37.Rd7 1-0

[Event "XIII American Continental"]
[Site "Montevideo URU"]
[Date "2018.06.03"]
[Round "4"]
[White "Moyses Sobrinho, Elias"]
[Black "Granara Barreto, Sebastian"]
[Result "1/2-1/2"]
[WhiteElo "1920"]
[BlackElo "2141"]
[EventDate "2018.06.01"]
[PlyCount "64"]

1.d4 Nf6 2.c4 c5 3.d5 b5 4.cxb5 a6 5.bxa6 g6 6.g3 d6 7.Bg2 Bg7 8.Nc3 O-O 
9.Nf3 Bxa6 10.O-O Nbd7 11.h3 Nb6 12.Re1 Nfd7 13.e4 Nc4 14.Bf1 Qc8 15.Nd2 
Nxd2 16.Bxd2 Ne5 17.Kg2 Bxf1+ 18.Rxf1 Nd3 19.Qc2 c4 20.Nd1 f5 21.Bc3 fxe4 
22.Bxg7 Kxg7 23.Ne3 Rb8 24.Qc3+ Kg8 25.Rab1 Qc5 26.Qxc4 Rxf2+ 27.Rxf2 Qxe3
28.Rff1 Qe2+ 29.Kg1 Qe3+ 30.Kg2 Qd2+ 31.Kg1 Qe3+ 32.Kg2 Qe2+ 1/2-1/2

[Event "XIII American Continental"]
[Site "Montevideo URU"]
[Date "2018.06.03"]
[Round "4"]
[White "Busca, Joaquin"]
[Black "Lopez Falcon, Jorge"]
[Result "0-1"]
[WhiteElo "1889"]
[BlackElo "2120"]
[EventDate "2018.06.01"]
[PlyCount "116"]

1.c4 Nf6 2.Nf3 g6 3.g3 Bg7 4.Bg2 O-O 5.d4 d6 6.O-O Nbd7 7.Nc3 e5 8.dxe5 
dxe5 9.Qc2 c6 10.Rd1 Qe7 11.e4 Re8 12.Rb1 Nc5 13.b4 Ncxe4 14.Nxe4 Nxe4 15.
b5 Nc5 16.Nd2 Bf5 17.Ne4 Qc7 18.Ba3 Bxe4 19.Bxe4 Nxe4 20.Qxe4 cxb5 21.Rxb5
b6 22.Rbd5 Qc6 23.Qc2 Qe6 24.Qa4 Qg4 25.Rd7 e4 26.Qc6 h5 27.Qb7 h4 28.Qd5 
Qf3 29.gxh4 Rac8 30.Re1 Re6 31.Rd8+ Rxd8 32.Qxd8+ Kh7 33.Re3 Qf4 34.Qg5 
Bh6 35.Qxf4 Bxf4 36.Re2 e3 37.fxe3 Rxe3 38.Rxe3 Bxe3+ 39.Kg2 f5 40.Kf3 Bc5
41.Bb2 Be7 42.Bd4 Bxh4 43.c5 bxc5 44.Bxc5 a6 45.Kf4 Bf6 46.Bf2 Kg7 47.a4 
Bd8 48.h3 Kh6 49.Kf3 Bc7 50.Be1 Kg7 51.Ke3 Kf6 52.Kd4 Ke6 53.Kc5 Kd7 54.
Kd5 g5 55.Bf2 g4 56.hxg4 fxg4 57.Be3 g3 58.Kc5 Ba5 0-1

[Event "XIII American Continental"]
[Site "Montevideo URU"]
[Date "2018.06.03"]
[Round "4"]
[White "Pinero, Ismael"]
[Black "Mafra, Kaiser Luiz"]
[Result "0-1"]
[WhiteElo "1883"]
[BlackElo "2116"]
[EventDate "2018.06.01"]
[PlyCount "106"]

1.e4 c5 2.Nf3 d6 3.d4 cxd4 4.Nxd4 Nf6 5.Nc3 g6 6.f3 Bg7 7.Be3 O-O 8.Qd2 
Nc6 9.O-O-O d5 10.Qe1 e5 11.Nxc6 bxc6 12.Bc5 Be6 13.Na4 Re8 14.Bc4 Qc7 15.
Bb3 Rab8 16.g4 Nd7 17.Ba3 d4 18.h4 c5 19.c4 h6 20.g5 h5 21.Kb1 Bf8 22.Rc1 
Bd6 23.Qd2 Nf8 24.Rhg1 Rb7 25.Rgd1 Rd8 26.Ka1 Be7 27.Rg1 Bd7 28.Bd1 Ne6 
29.b3 Bxa4 30.bxa4 Rdb8 31.Bc2 Bd8 32.Rb1 Rxb1+ 33.Rxb1 Rxb1+ 34.Kxb1 Qb6+
35.Bb3 Qa6 36.Bc1 Ba5 37.Qd3 Be1 38.f4 exf4 39.Qf3 Bxh4 40.Bxf4 Bxg5 41.
Bxg5 Nxg5 42.Qf4 Ne6 43.Qb8+ Kh7 44.Qe8 Qb7 45.Kc1 h4 46.Bd1 h3 47.Bf3 h2 
48.Bg2 d3 49.Qb5 Qc7 50.Qb2 Qf4+ 51.Qd2 g5 52.Kd1 Qxd2+ 53.Kxd2 g4 0-1

[Event "XIII American Continental"]
[Site "Montevideo URU"]
[Date "2018.06.03"]
[Round "4"]
[White "Guerrero, Alvaro"]
[Black "Lanaro, Emilio"]
[Result "1-0"]
[WhiteElo "2116"]
[BlackElo "1760"]
[EventDate "2018.06.01"]
[PlyCount "57"]

1.d4 d5 2.Nf3 Nf6 3.c4 c6 4.e3 e6 5.Nc3 Nbd7 6.Qc2 Bd6 7.Bd3 dxc4 8.Bxc4 
Nb6 9.Bd3 h6 10.O-O O-O 11.e4 Bc7 12.a3 Nbd7 13.e5 Nd5 14.Ne4 f5 15.Nc3 
N7b6 16.Bd2 Bd7 17.Rac1 a5 18.h3 Be8 19.Nh2 Qe7 20.Ne2 g5 21.f4 Qg7 22.Kh1
Bd8 23.g4 Bd7 24.gxf5 exf5 25.fxg5 hxg5 26.Bxf5 Be7 27.Ng3 a4 28.Qe4 Rf7 
29.e6 1-0

[Event "XIII American Continental"]
[Site "Montevideo URU"]
[Date "2018.06.03"]
[Round "4"]
[White "Zaruski, Julio"]
[Black "Avgoustopoulos, Christian"]
[Result "1/2-1/2"]
[WhiteElo "1862"]
[BlackElo "2110"]
[EventDate "2018.06.01"]
[PlyCount "73"]

1.e4 e6 2.d4 d5 3.exd5 exd5 4.Bd3 Bd6 5.Ne2 Ne7 6.Bf4 Bf5 7.c3 O-O 8.O-O 
c6 9.Bxd6 Qxd6 10.Ng3 Bg6 11.Re1 Nd7 12.Bxg6 hxg6 13.Nd2 Rae8 14.Ndf1 Nf6 
15.Qd3 Qd7 16.f3 Nc8 17.Kf2 Nd6 18.Rxe8 Rxe8 19.Re1 a5 20.Rxe8+ Qxe8 21.
Nd2 a4 22.Qe3 Kf8 23.Qxe8+ Nfxe8 24.Ke3 Nb5 25.Kd3 Nec7 26.b3 axb3 27.Nxb3
Nd6 28.Na5 Ne6 29.Ne2 Ke7 30.c4 dxc4+ 31.Nxc4 Nxc4 32.Kxc4 b5+ 33.Kb4 Kd6 
34.Kc3 Kd5 35.a3 g5 36.Kd3 f5 37.Nc3+ 1/2-1/2

[Event "XIII American Continental"]
[Site "Montevideo URU"]
[Date "2018.06.03"]
[Round "4"]
[White "Campora, Edgardo"]
[Black "Sauvageot Ledezma, Diego"]
[Result "0-1"]
[WhiteElo "1772"]
[BlackElo "2084"]
[EventDate "2018.06.01"]
[PlyCount "72"]

1.e4 c5 2.Nf3 Nc6 3.c3 d5 4.Bd3 Nf6 5.exd5 Qxd5 6.Bc2 Bg4 7.d3 O-O-O 8.Be3
e6 9.Nbd2 Ne5 10.d4 cxd4 11.cxd4 Nxf3+ 12.gxf3 Bb4 13.Rg1 Bxf3 14.Qc1 Kb8 
15.a3 Bxd2+ 16.Qxd2 Ng4 17.Bd1 Nxe3 18.fxe3 Be4 19.Qf2 Bg6 20.h4 h5 21.Rg5
Qh1+ 22.Rg1 Qe4 23.Bf3 Qd3 24.Rg5 Rc8 25.Rc5 Rxc5 26.dxc5 Qc4 27.Qh2+ Ka8 
28.Qc7 Qxh4+ 29.Ke2 Be4 30.Bxe4 Qxe4 31.Rd1 Qg4+ 32.Kd2 a6 33.Kc2 Qe4+ 34.
Rd3 Qc6 35.Qxf7 Qxc5+ 36.Kd2 Rc8 0-1

[Event "XIII American Continental"]
[Site "Montevideo URU"]
[Date "2018.06.03"]
[Round "4"]
[White "Tregarthen, Emiliano"]
[Black "Palmieri, Daniel"]
[Result "0-1"]
[WhiteElo "2083"]
[BlackElo "1746"]
[EventDate "2018.06.01"]
[PlyCount "94"]

1.Nf3 Nf6 2.g3 g6 3.Bg2 Bg7 4.O-O O-O 5.d3 c5 6.Nbd2 Nc6 7.e4 d6 8.a4 Bg4 
9.h3 Bd7 10.c3 Qc7 11.Nc4 Rfd8 12.Be3 b6 13.Nfd2 Be6 14.d4 cxd4 15.cxd4 d5
16.Bf4 Qd7 17.Ne5 Nxe5 18.dxe5 Nh5 19.exd5 Bxd5 20.Ne4 Nxf4 21.gxf4 Rac8 
22.Ng5 Bxg2 23.Qxd7 Rxd7 24.Kxg2 h6 25.Nf3 Rc4 26.Rfd1 Rxd1 27.Rxd1 Rxa4 
28.Rd7 e6 29.Nd4 Bf8 30.Nc6 Bc5 31.Kg3 Ra2 32.Nd8 Rxb2 33.Nxf7 h5 34.Ng5 
a5 35.Nxe6 Bxf2+ 36.Kf3 a4 37.Ra7 b5 38.Rg7+ Kh8 39.Rxg6 a3 40.Ng5 a2 41.
f5 Bh4 42.Nf7+ Kh7 43.Ra6 b4 44.Nd6 Rb3+ 45.Ke4 Ra3 46.Rb6 Ra7 47.Nb5 a1=Q
0-1

[Event "XIII American Continental"]
[Site "Montevideo URU"]
[Date "2018.06.03"]
[Round "4"]
[White "Medrano, Mario"]
[Black "Gomes, Marco Tulio Caldeira"]
[Result "1-0"]
[WhiteElo "2073"]
[BlackElo "1692"]
[EventDate "2018.06.01"]
[PlyCount "57"]

1.e4 c6 2.d4 d5 3.exd5 cxd5 4.Nf3 Nf6 5.Bd3 Nc6 6.c3 e6 7.O-O Qc7 8.b3 Be7
9.Nbd2 O-O 10.Bb2 a6 11.Rc1 b5 12.Re1 Bb7 13.Nf1 Bd6 14.Ng3 Bf4 15.Rc2 
Rac8 16.Rce2 Rfd8 17.Bb1 b4 18.Qd3 g6 19.Rc2 Qd6 20.c4 Ne7 21.c5 Qd7 22.
Ne5 Bxe5 23.Rxe5 Ng4 24.Rce2 Kg7 25.Qf3 Nf6 26.Bc1 a5 27.Bh6+ Kxh6 28.Qxf6
Ng8 29.Rh5# 1-0

[Event "XIII American Continental"]
[Site "Montevideo URU"]
[Date "2018.06.03"]
[Round "4"]
[White "Ortiz, Jorge"]
[Black "Mosconi, Ariel"]
[Result "0-1"]
[WhiteElo "1784"]
[BlackElo "2073"]
[EventDate "2018.06.01"]
[PlyCount "62"]

1.e4 c5 2.Nf3 d6 3.Bb5+ Nd7 4.c4 a6 5.Bxd7+ Bxd7 6.d4 cxd4 7.Nxd4 Nf6 8.
Nc3 Rc8 9.Qd3 Qc7 10.b3 b5 11.Nd5 Nxd5 12.cxd5 Qxc1+ 13.Rxc1 Rxc1+ 14.Ke2 
Rxh1 15.Qc3 e5 16.Nc6 Be7 17.Nb8 Bg4+ 18.f3 O-O 19.Nc6 Bg5 20.fxg4 Rxh2 
21.Kf3 h5 22.Qa5 hxg4+ 23.Kxg4 Rxg2+ 24.Kf3 Rg1 25.Qb6 Rf1+ 26.Kg4 Rf4+ 
27.Kxg5 Kh7 28.Ne7 g6 29.Nxg6 Rg8 30.Qc7 Rxg6+ 31.Kh5 Rf1 0-1

[Event "XIII American Continental"]
[Site "Montevideo URU"]
[Date "2018.06.03"]
[Round "4"]
[White "Malan, Lucia"]
[Black "Okamura, Milton Kasuo"]
[Result "0-1"]
[WhiteElo "1733"]
[BlackElo "2050"]
[EventDate "2018.06.01"]
[PlyCount "52"]

1.Nf3 Nf6 2.g3 d5 3.Bg2 Bf5 4.O-O e6 5.d3 h6 6.Nbd2 Be7 7.Qe1 O-O 8.e4 Bh7
9.b3 c5 10.Bb2 Nc6 11.Ne5 Nxe5 12.Bxe5 Rc8 13.Qe2 Nd7 14.Bb2 d4 15.e5 Qc7 
16.f4 Rcd8 17.a4 Nb6 18.Be4 Bxe4 19.dxe4 c4 20.a5 c3 21.axb6 Qxb6 22.Nc4 
d3+ 23.Nxb6 dxe2 24.Nc8 Bc5+ 25.Rf2 cxb2 26.Re1 Rd1 0-1

[Event "XIII American Continental"]
[Site "Montevideo URU"]
[Date "2018.06.03"]
[Round "4"]
[White "Palacio, Enzo"]
[Black "Caceres Vasquez, Sergio"]
[Result "0-1"]
[WhiteElo "1633"]
[BlackElo "2041"]
[EventDate "2018.06.01"]
[PlyCount "48"]

1.e4 c6 2.d4 d5 3.Nc3 dxe4 4.Nxe4 Nf6 5.Nxf6+ exf6 6.Nf3 Bd6 7.Bd3 O-O 8.
O-O Na6 9.c3 Bg4 10.h3 Bh5 11.Re1 Nc7 12.Qc2 Bxf3 13.Bxh7+ Kh8 14.gxf3 g6 
15.Bxg6 fxg6 16.Re4 f5 17.Qd2 Rf7 18.Re2 Qh4 19.Qh6+ Qxh6 20.Bxh6 Re7 21.
Re3 Rae8 22.Rae1 Nd5 23.Bg5 Nxe3 24.Bxe7 Nd5 0-1

[Event "XIII American Continental"]
[Site "Montevideo URU"]
[Date "2018.06.03"]
[Round "4"]
[White "Pomar, Marcelo Nascimento"]
[Black "Stetsenko, Ilya"]
[Result "1-0"]
[WhiteElo "2037"]
[BlackElo "1461"]
[EventDate "2018.06.01"]
[PlyCount "61"]

1.e4 c5 2.Nf3 Nc6 3.Bb5 g6 4.Bxc6 dxc6 5.d3 Bg7 6.h3 Nf6 7.Nc3 Nd7 8.Be3 
e5 9.Qd2 h6 10.O-O b6 11.Nh2 g5 12.a3 Nf8 13.b4 cxb4 14.axb4 Ne6 15.Na4 
Nd4 16.Bxd4 Qxd4 17.c3 Qd8 18.Qe3 Be6 19.Ra3 Bf8 20.Rfa1 Rb8 21.Nf3 f6 22.
d4 a5 23.Rb1 axb4 24.cxb4 Bd6 25.Rd3 Qe7 26.dxe5 fxe5 27.Qd2 b5 28.Rxd6 
bxa4 29.Nxe5 Bxh3 30.Nxc6 Qxe4 31.Re1 1-0

[Event "XIII American Continental"]
[Site "Montevideo URU"]
[Date "2018.06.03"]
[Round "4"]
[White "Soto, Nicolas"]
[Black "Reolon, Victor"]
[Result "1/2-1/2"]
[WhiteElo "2011"]
[BlackElo "1678"]
[EventDate "2018.06.01"]
[PlyCount "116"]

1.e4 e6 2.d4 d5 3.Nc3 Bb4 4.e5 b6 5.Nf3 Nh6 6.a3 Be7 7.Bb5+ c6 8.Bd3 Nf5 
9.Ne2 c5 10.c3 Nc6 11.Ng3 h5 12.Nxf5 exf5 13.Qa4 Bd7 14.Bxf5 Nxe5 15.Bxd7+
Qxd7 16.Qxd7+ Nxd7 17.Bf4 O-O 18.O-O Bf6 19.dxc5 bxc5 20.Rfd1 Nb6 21.a4 
Rfe8 22.Kf1 Re4 23.a5 Nc4 24.Bc1 Rd8 25.Ra2 Ne5 26.Nd2 Rg4 27.h3 Rg6 28.f4
Nd3 29.Nf3 Nxc1 30.Rxc1 d4 31.cxd4 Bxd4 32.Rd1 Rgd6 33.g3 Bf6 34.Rxd6 Rxd6
35.Ke2 Ra6 36.Kd3 Bd8 37.Kc4 Rxa5 38.Rxa5 Bxa5 39.Kxc5 Bb6+ 40.Kc6 f6 41.
f5 Kf7 42.Kd7 g6 43.g4 hxg4 44.hxg4 Be3 45.b3 gxf5 46.gxf5 Bc5 47.Nd2 Bd4 
48.Ne4 Be5 49.Nd6+ Kg7 50.Ke6 Bxd6 51.Kxd6 Kh6 52.b4 Kg5 53.b5 Kxf5 54.Kc6
Kg6 55.Kb7 f5 56.Kxa7 f4 57.b6 f3 58.b7 f2 1/2-1/2

[Event "XIII American Continental"]
[Site "Montevideo URU"]
[Date "2018.06.03"]
[Round "4"]
[White "Chang, Suzana"]
[Black "Maestro, Esteban"]
[Result "1-0"]
[WhiteElo "1994"]
[BlackElo "1444"]
[EventDate "2018.06.01"]
[PlyCount "65"]

1.e4 e5 2.Nf3 Nc6 3.Bb5 a6 4.Ba4 b5 5.Bb3 Nf6 6.O-O Bc5 7.c3 d6 8.d4 Bb6 
9.h3 h6 10.dxe5 dxe5 11.Qxd8+ Nxd8 12.Nxe5 Nxe4 13.Bd5 Bb7 14.Bxe4 Bxe4 
15.Re1 Bxb1 16.Ng6+ Kd7 17.Nxh8 Bf5 18.Be3 Be6 19.Bxb6 cxb6 20.Rad1+ Ke7 
21.f4 Kf8 22.Rd6 Bxa2 23.f5 Nb7 24.Rxb6 Nc5 25.Ra1 Bd5 26.Rd6 Bb7 27.Rb6 
Bd5 28.Rd6 Bb7 29.b4 Na4 30.Nxf7 Nxc3 31.Nd8 Ne4 32.Nxb7 Nxd6 33.Nxd6 1-0

[Event "XIII American Continental"]
[Site "Montevideo URU"]
[Date "2018.06.03"]
[Round "4"]
[White "Solari, Pablo"]
[Black "Izquierdo, Sebastian"]
[Result "0-1"]
[WhiteElo "1678"]
[BlackElo "1992"]
[EventDate "2018.06.01"]
[PlyCount "50"]

1.Nf3 Nf6 2.g3 g6 3.d4 Bg7 4.Bg2 O-O 5.c4 d6 6.O-O Nc6 7.d5 Na5 8.Nbd2 c5 
9.e4 Bg4 10.h3 Bxf3 11.Qxf3 a6 12.a4 Rb8 13.Qa3 Nd7 14.Rb1 b5 15.b3 bxc4 
16.b4 cxb4 17.Rxb4 Qc7 18.Rxb8 Rxb8 19.Rd1 Nc5 20.Nf1 Qd7 21.Bg5 h6 22.Be3
Rb3 23.Qc1 Nxa4 24.Bd4 Nc3 25.Rd2 Bxd4 0-1

[Event "XIII American Continental"]
[Site "Montevideo URU"]
[Date "2018.06.03"]
[Round "4"]
[White "Moccero, Eduardo"]
[Black "Baratta, Daniel"]
[Result "1-0"]
[WhiteElo "1970"]
[BlackElo "1193"]
[EventDate "2018.06.01"]
[PlyCount "68"]

1.d4 Nf6 2.Nf3 g6 3.c4 Bg7 4.Nc3 O-O 5.h3 d6 6.Bf4 c5 7.e3 Nc6 8.d5 Nb8 9.
Be2 e5 10.dxe6 Bxe6 11.Bxd6 Re8 12.O-O a6 13.Bxc5 Nfd7 14.Bd4 Nf6 15.Rc1 
Nc6 16.Qa4 Qc8 17.Rfd1 Nxd4 18.Nxd4 Bxh3 19.Nd5 Re4 20.Bf3 h5 21.Bxe4 Kh7 
22.Bf3 Bd7 23.Qb3 Rb8 24.Nb6 Qc7 25.Nxd7 Nxd7 26.Qc2 Ne5 27.c5 Re8 28.Bxh5
Kh8 29.Bf3 Qc8 30.c6 Nxf3+ 31.Nxf3 bxc6 32.Qxc6 Qb8 33.Rd7 Qxb2 34.Rb7 
Qxa2 1-0

[Event "XIII American Continental"]
[Site "Montevideo URU"]
[Date "2018.06.03"]
[Round "4"]
[White "Davila Texeira, Mario"]
[Black "Torres Acosta, Raul"]
[Result "1-0"]
[WhiteElo "1873"]
[BlackElo "1676"]
[EventDate "2018.06.01"]
[PlyCount "57"]

1.d4 Nf6 2.Bf4 d5 3.e3 e6 4.Nd2 Bd6 5.Bg3 Nbd7 6.Ngf3 Bxg3 7.hxg3 Qe7 8.
Bd3 g6 9.c3 e5 10.Nxe5 Nxe5 11.dxe5 Qxe5 12.Qc2 Ng4 13.Nf3 Qe7 14.O-O-O 
Ne5 15.Nxe5 Qxe5 16.Rh4 Be6 17.Kb1 O-O-O 18.Ka1 h5 19.Ra4 a6 20.b4 Rd6 21.
b5 axb5 22.Bxb5 c6 23.Bd3 Kc7 24.Rb1 Rb8 25.Ra7 Rd7 26.Qb2 Kc8 27.Ba6 Qc7 
28.Bxb7+ Rxb7 29.Ra8+ 1-0

[Event "XIII American Continental"]
[Site "Montevideo URU"]
[Date "2018.06.03"]
[Round "4"]
[White "Ramirez, Agustin"]
[Black "Belistri, Ubaldo"]
[Result "0-1"]
[WhiteElo "1675"]
[BlackElo "1867"]
[EventDate "2018.06.01"]
[PlyCount "96"]

1.e4 d6 2.d4 Nf6 3.Nc3 g6 4.Nf3 Bg7 5.Be2 O-O 6.O-O c6 7.b3 b5 8.Bg5 b4 9.
Bxf6 Bxf6 10.Nb1 Nd7 11.Nbd2 c5 12.Nc4 cxd4 13.Nxd4 Bb7 14.Bf3 Ne5 15.Nxe5
Bxe5 16.Qd2 Qb6 17.Rfd1 Rfc8 18.Rac1 Rc7 19.c4 bxc3 20.Rxc3 Bxd4 21.Rxc7 
Bxf2+ 22.Qxf2 Qxc7 23.Qd4 a5 24.Qe3 Rc8 25.Bg4 Qc5 26.Qxc5 Rxc5 27.Re1 Re5
28.Kf2 Bxe4 29.Bf3 f5 30.Bxe4 fxe4 31.Ke3 Kf7 32.Kd4 Ke6 33.Rxe4 Rxe4+ 34.
Kxe4 d5+ 35.Kf4 Kd6 36.a3 e5+ 37.Ke3 Kc5 38.h4 d4+ 39.Ke4 h5 40.g3 Kd6 41.
Kd3 Kd5 42.Ke2 e4 43.Kd2 d3 44.Kc3 Kc5 45.Kd2 Kd4 46.Kd1 e3 47.Kc1 Kc3 48.
b4 e2 0-1

[Event "XIII American Continental"]
[Site "Montevideo URU"]
[Date "2018.06.03"]
[Round "4"]
[White "Fein, Jorge"]
[Black "Marrero, Javier"]
[Result "1-0"]
[WhiteElo "1648"]
[BlackElo "1849"]
[EventDate "2018.06.01"]
[PlyCount "113"]

1.Nf3 Nf6 2.b3 d5 3.Bb2 e6 4.d3 Be7 5.Nbd2 c5 6.g3 Nc6 7.Bg2 O-O 8.O-O Qc7
9.c4 d4 10.Re1 Rd8 11.Qc2 Rb8 12.a3 b5 13.Bc1 Rb6 14.e3 Bb7 15.Rb1 Qd7 16.
e4 b4 17.a4 e5 18.Ra1 Bc8 19.Qd1 Ne8 20.Nf1 Qg4 21.N3d2 Qg6 22.Nf3 Bg4 23.
h3 Bc8 24.N1h2 h5 25.h4 Nc7 26.Bg5 f6 27.Bc1 Rf8 28.Nd2 Bg4 29.Nxg4 hxg4 
30.Nf1 f5 31.exf5 Qxf5 32.Ra2 Ne8 33.Nh2 Nf6 34.Bg5 Nd8 35.Bxf6 gxf6 36.
Be4 Qh5 37.Bd5+ Kg7 38.Qxg4+ Qxg4 39.Nxg4 Nf7 40.Bxf7 Rxf7 41.Nh2 Re6 42.
Rae2 Bd6 43.Kg2 Kg6 44.f4 Rfe7 45.g4 f5 46.h5+ Kf6 47.g5+ Kf7 48.fxe5 Bc7 
49.Nf3 Re8 50.Kg3 Rh8 51.Rh1 Rhe8 52.Kf4 Kg8 53.g6 Rf8 54.Rg2 Rd8 55.Re1 
Rf8 56.Rg5 Ref6 57.Nh4 1-0

[Event "XIII American Continental"]
[Site "Montevideo URU"]
[Date "2018.06.03"]
[Round "4"]
[White "Cortes Arias, Mariela"]
[Black "Amaral, Francisco"]
[Result "1-0"]
[WhiteElo "1830"]
[BlackElo "1637"]
[EventDate "2018.06.01"]
[PlyCount "55"]

1.f4 Nf6 2.Nf3 d5 3.g3 g6 4.Bg2 Bg7 5.O-O c5 6.d3 d4 7.e4 dxe3 8.Nc3 O-O 
9.Bxe3 Qc7 10.h3 Nbd7 11.Qd2 a6 12.Ng5 e6 13.Nge4 Nxe4 14.Bxe4 Bd4 15.Bxd4
cxd4 16.Ne2 f5 17.Bg2 e5 18.fxe5 Qxe5 19.Nf4 Nf6 20.Rae1 Qb5 21.Re7 Rf7 
22.Rfe1 Bd7 23.Nxg6 hxg6 24.Qh6 Be8 25.Qxg6+ Kh8 26.Rxf7 Bxf7 27.Qxf7 Nh7 
28.Re7 1-0

[Event "XIII American Continental"]
[Site "Montevideo URU"]
[Date "2018.06.03"]
[Round "4"]
[White "Bon, Charles"]
[Black "Visillac, Alejandro"]
[Result "1-0"]
[WhiteElo "1591"]
[BlackElo "1830"]
[EventDate "2018.06.01"]
[PlyCount "87"]

1.d4 Nf6 2.c4 g6 3.Nc3 Bg7 4.e4 d6 5.f4 e5 6.dxe5 dxe5 7.Qxd8+ Kxd8 8.fxe5
Ng4 9.Nf3 Nxe5 10.Bg5+ Ke8 11.Rd1 Nxf3+ 12.gxf3 f6 13.Bf4 c6 14.h4 Nd7 15.
Bh3 Nc5 16.Bxc8 Rxc8 17.Ke2 Ne6 18.Be3 b6 19.Rd6 Ke7 20.Rhd1 Rhd8 21.Rxd8 
Rxd8 22.Rxd8 Nxd8 23.Kd2 Nf7 24.f4 Bh6 25.Ne2 Nd6 26.Kd3 Bg7 27.b3 h6 28.
Nd4 Kd7 29.Nf3 Nf7 30.Bd4 Nd8 31.e5 Ke6 32.exf6 Bxf6 33.Bxf6 Kxf6 34.Ke4 
Ne6 35.Ne5 Nd8 36.Ng4+ Ke6 37.Nxh6 Nb7 38.f5+ gxf5+ 39.Nxf5 Nc5+ 40.Kf4 
Nd3+ 41.Kg5 Kf7 42.h5 a5 43.h6 Kg8 44.Ne7+ 1-0

[Event "XIII American Continental"]
[Site "Montevideo URU"]
[Date "2018.06.03"]
[Round "4"]
[White "Podesta, Sofia"]
[Black "Ferrari, Carlos"]
[Result "0-1"]
[WhiteElo "1195"]
[BlackElo "1703"]
[EventDate "2018.06.01"]
[PlyCount "114"]

1.d4 d5 2.Nf3 e6 3.e3 Nf6 4.Bd3 Nbd7 5.O-O Bd6 6.Nbd2 O-O 7.c3 b6 8.e4 
dxe4 9.Nxe4 Be7 10.Qc2 Bb7 11.Bf4 Rc8 12.Rfe1 c5 13.Nd6 Bxd6 14.Bxd6 Re8 
15.dxc5 Bxf3 16.gxf3 Nxc5 17.Bxc5 Rxc5 18.Kh1 Rh5 19.Rg1 Qd6 20.Rg2 Rd8 
21.Rd1 Rd5 22.Rdg1 Rxd3 23.Rxg7+ Kf8 24.Qc1 Rd2 25.a3 Qf4 26.R7g3 Qf5 27.
Qa1 Rxf2 28.a4 Rdd2 29.Qa3+ Qc5 30.Qxc5+ bxc5 31.R1g2 Rxb2 32.Kg1 Rxg2+ 
33.Rxg2 Rxg2+ 34.Kxg2 Nd5 35.Kf2 Nxc3 36.a5 Ke7 37.Ke3 Kd6 38.Kd3 Nd5 39.
Kc4 a6 40.Kd3 f5 41.Kc4 f4 42.Kd3 e5 43.Kc4 Ne3+ 44.Kd3 Kd5 45.h3 c4+ 46.
Kc3 Kc5 47.h4 h5 48.Kd2 Kd4 49.Kc1 c3 50.Kb1 Kd3 51.Ka2 Kd2 52.Kb3 c2 53.
Ka2 c1=Q 54.Kb3 Qc4+ 55.Ka3 Nc2+ 56.Kb2 Qc3+ 57.Kb1 Qa1# 0-1

[Event "XIII American Continental"]
[Site "Montevideo URU"]
[Date "2018.06.03"]
[Round "4"]
[White "Do Prado, Hamilton Mesquita"]
[Black "Aprahamian, Tomas"]
[Result "1-0"]
[WhiteElo "1681"]
[BlackElo "1399"]
[EventDate "2018.06.01"]
[PlyCount "141"]

1.d4 e6 2.Bf4 Nf6 3.e3 d5 4.c3 Be7 5.Nd2 O-O 6.Bd3 c5 7.h3 Nc6 8.Ngf3 b6 
9.Ne5 Bb7 10.h4 Rc8 11.h5 Re8 12.Qf3 cxd4 13.exd4 Bd6 14.Qg3 Bf8 15.Ndf3 
a6 16.Bh6 Ne7 17.Bxg7 Bxg7 18.h6 Ng6 19.hxg7 Kxg7 20.Nh4 Nh5 21.Qg4 Nf6 
22.Qh3 Rh8 23.Nhf3 Nd7 24.Qh6+ Kf6 25.Nxg6 hxg6 26.Qg5+ Kg7 27.Rxh8 Qxh8 
28.O-O-O Qh6 29.Re1 Qxg5+ 30.Nxg5 Rc6 31.f4 b5 32.a3 Nf6 33.Kd2 Nd7 34.g4 
Nb6 35.b3 Bc8 36.Nf3 Bb7 37.g5 Nd7 38.Rh1 Rc8 39.Rh2 Rh8 40.Rxh8 Kxh8 41.
Ne5 Nxe5 42.fxe5 Kg7 43.c4 bxc4 44.bxc4 dxc4 45.Bxc4 Kf8 46.Kc3 a5 47.Kb3 
Bc6 48.Ba6 Ke7 49.Kc4 Ba4 50.Kc5 Kd7 51.Kb6 Bd1 52.Kxa5 Kc6 53.Bc4 Bf3 54.
Kb4 Kb6 55.a4 Bb7 56.a5+ Kc6 57.Bf1 Kd7 58.Kc5 Kc7 59.Bb5 Kd8 60.a6 Bxa6 
61.Bxa6 Ke7 62.Bb5 Kf8 63.Kd6 Kg8 64.Ke7 Kg7 65.Be8 f5 66.exf6+ Kg8 67.
Bxg6 e5 68.d5 e4 69.d6 e3 70.d7 e2 71.d8=Q# 1-0

[Event "XIII American Continental"]
[Site "Montevideo URU"]
[Date "2018.06.03"]
[Round "4"]
[White "Areco, Antonio"]
[Black "Macias Araya, Javier"]
[Result "1-0"]
[WhiteElo "1746"]
[BlackElo "1378"]
[EventDate "2018.06.01"]
[PlyCount "47"]

1.b3 e5 2.Bb2 Nc6 3.e3 Nf6 4.Bb5 Bd6 5.Nf3 e4 6.Nd4 O-O 7.Nf5 Bc5 8.d4 Bb6
9.d5 Nb4 10.d6 c6 11.Be2 Nbd5 12.c4 Ba5+ 13.Kf1 Nb4 14.a3 Na6 15.b4 Bb6 
16.c5 Nxc5 17.bxc5 Bxc5 18.Qc2 Qa5 19.Nd2 Bb6 20.Ne7+ Kh8 21.Nc4 Qg5 22.h4
Qh6 23.g4 Nd5 24.Nf5 1-0